Les chapelles de Tout-Ankh-Amon /

محفوظ في:

المؤلف الرئيسي: Piankoff, Alexandre (مؤلف)

التنسيق: كتاب

اللغة: French

سلاسل: Mémoires publiés par les membres de l'Institut français d'archéologie orientale du Caire ; 72.
MIFAO ; 72.

الموضوعات:

الوسوم: إضافة وسم

لا توجد وسوم, كن أول من يضع وسما على هذه التسجيلة!

رقم الطلب: ( F )DT57 .C185 v.72

LEADER 01370nam a22003371 4500
001 10527
003 OSt
005 20210713143226.0
008 130303m19511952ua af g b 000 0bfre d
952 |0 0  |1 0  |2 lcc  |3 V.72  |4 0  |7 1  |9 17026  |a ARCE  |b ARCE  |d 2021-07-13  |l 0  |o ( F )DT57 .C185 v.72  |p 1021078  |r 2021-07-13 00:00:00  |w 2021-07-13  |y BK 
999 |c 13837  |d 13837 
010 |a a 54003147 
040 |c ARCE Library 
043 |a f-ua--- 
050 0 4 |a ( F )DT57 .C185 v.72 
100 1 |a Piankoff, Alexandre,  |e author  |9 37608 
245 1 4 |a Les chapelles de Tout-Ankh-Amon /  |c Alexandre Piankoff. 
264 1 |a Le Caire :  |b Imprimerie de l'Institut Français d'Archéologie Orientale,  |c 1951-1952. 
300 |a 2 volumes :  |b illustrations, 22 plates ;  |c 35 cm. 
490 1 |a Mémoires publiés par les membres de l'Institut français d'archéologie orientale du Caire ;   |v 72. 
490 1 |a MIFAO ;   |v 72. 
500 |a At head of title : Ministère de l'éducation nationale. 
504 |a Includes bibliographical references.  
600 0 0 |a Tutankhamen,  |c King of Egypt. 
650 0 |a Inscriptions, Egyptian. 
650 0 |a Tombs  |z Egypt  |z Thebes (Extinct city) 
651 0 |a Thebes (Egypt : Extinct city) 
830 0 |a Mémoires publiés par les membres de l'Institut français d'archéologie orientale du Caire ;   |v 72. 
830 0 |a MIFAO ;   |v 72. 
901 |a reviewed 
942 |c BK  |2 lcc